000 00310pam a2200109a 44500
008 230405s2007 xxu||||| |||| 00| 0 eng d
041 _aENG
100 _aMinakshi Kishore
245 _aStrategic Human Resource Management (Text & cases0
260 _a
_bWisdom Publication C-14 D.S.I.D.C
_c2007
906 _a16979
999 _c307478
_d307478